Представление документа в формате RUSMARC

ПолеНазваниеЗначение
  Тип записи a
  Библиографический уровень m
001 Контрольный номер RU/SLIB/B/208763655
005 Дата корректировки 20210414153046.6
010 Индекс ISBN __
a ISBN 5-86218-364-7
d Цена 83-93; 102-10
101 Язык документа 0_
a Язык текста rus
c Язык оригинала ger
200 Заглавие и сведения об ответственности 0_
a Заглавие Женщины нацистов
f Первые сведения об ответственности А. М. Зигмунд ; пер. с нем. В. В. Гордонова
b Общее обозначение материала Текст
210 Выходные данные 1_
a Место издания М.
c Издательство Ладомир
d Дата издания 2001
215 Физическое описание __
a Объем 230 с.
c Иллюстрации/тип воспроизводства ил.
330 Аннотация __
a Аннотация Восемь портретов жен высших руководителей Третьего рейха и женщин из ближайшего окружения высокопоставленных нацистских бонз. За судьбами восьми женщин - малоизвестная сторона жизни Гитлера, Геринга и ряда других руководителей Рейха.
600 Персоналии _1
a Персоналии (Фамилия) Гитлер, А.
c Дополнение к имени Шикльгрубер А.
g Полное имя Адольф
600 Персоналии _1
a Персоналии (Фамилия) Геринг, К.
600 Персоналии _1
a Персоналии (Фамилия) Геббельс М.
600 Персоналии _1
a Персоналии (Фамилия) Рифеншталь Л.
600 Персоналии _1
a Персоналии (Фамилия) Шольц-Клинк Г.
600 Персоналии _1
a Персоналии (Фамилия) Раубаль Г.
600 Персоналии _1
a Персоналии (Фамилия) Браун, Е.
600 Персоналии _1
a Персоналии (Фамилия) Ширах Г.
600 Персоналии _1
a Персоналии (Фамилия) Геринг, Г.
g Полное имя Герман
606 Тематические рубрики __
a Основная рубрика История
y Географическая подрубрика Германия; ФРГ; Федеративная Республика Германия
606 Тематические рубрики __
a Основная рубрика Европа с 1918 г. -
610 Ключевые слова 0_
a Ключевые слова кинорежиссеры; биографии; фашизм; Третий рейх; нацизм; фюрер; жены; персоналии; войны; женщины
686 Индексы других классификаций __
a Классификационный индекс 63.3(4Гем)62-8
700 Автор _1
a Фамилия Зигмунд
b Имя А. М.
4 Код отношения 070
701 Альтернативная интеллектуальная ответственность _1
a Фамилия Гордонов
b Имя В. В.
4 Код отношения 730
801 Источник записи _0
a Страна RU
b Организация Муниципальное бюджетное учреждение культуры "Централизованная библиотечная система" г. Сургут (Центральная городская библиотека им. А. С. Пушкина)
g Правила каталогизации КиК/Поспелова; КиК/Гришунина
801 Источник записи _1
a Страна RU
b Организация Муниципальное бюджетное учреждение культуры "Централизованная библиотечная система" г. Сургут (Центральная городская библиотека им. А. С. Пушкина)
g Правила каталогизации КиК/Поспелова; КиК/Гришунина
852 Данные о местонахождении __
j Шифр хранения 63.3(4Гем)62-8
c Каталожный индекс 63.3(4Гем)-8
i Авторский знак З-59
901 Тип документа 1_
t Тип документа m
903 Характеристики (МАРС) __
a Дата передачи 20040122, 20030522
990 Данные о заказе (DOS) __
j Количество экземпляров (DOS) 2; 3
t N записи в КСУ для И/У (DOS) 200402; 200306